000 00958nac a22002531u 4500
010 _a 89188849
020 _a0415025117 :
082 0 0 _a305.8003
_bCAS
090 _c9975
_d9975
100 _aCashmore, Ernest.
245 1 0 _aDictionary of race and ethnic relations /
_cE. Ellis Cashmore ; with Michael Banton ... [et al.] ; and special contributions from Heribert Adam ... [et al.].
250 _a2nd ed.
260 _aLondon :
_bRoutledge,1988.
_cc1988.
300 _axvi, 325 p. ;
_c22 cm.
500 _aDonations.
500 _aDonations - AUC.
504 _aIncludes bibliographical references and index.
511 _aCatalogued by: Sara.
650 0 _aRace relations
_xDictionaries.
650 0 _aEthnic relations
_xDictionaries.
740 0 _aRace and ethnic relations.
942 _cNB
_k305.8003CAS
999 _c9975
_d9975